La bottega dell'antiquario /

Guardat en:
Dades bibliogràfiques
Autor principal: Dickens, Charles, (1812-1870) (Autor)
Altres autors: Manganelli, Giorgio, (1922-1990), Marchiori, Laura
Format: Llibre
Idioma:italià
Publicat: Milano : Biblioteca universale Rizzoli, 2000
Edició:5. ed
Col·lecció:BUR. L ; 489
Etiquetes: Afegir etiqueta
Sense etiquetes, Sigues el primer a etiquetar aquest registre!

MARC

LEADER 00000nam a22000007i 4500
001 IT\ICCU\TO0\0961838
003 ItRI
005 20250215205702.0
008 010613s2000 it |||||| ||||| |||||c
020 |a 8817124893 
040 |b ita  |c ARCIGAY RIMINI 
041 7 |a ita  |2 ISO-639-2 
100 1 |a Dickens, Charles,  |d  (1812-1870)  |0 IT\ICCU\CFIV\000404  |4 aut 
240 1 4 |a The old curiosity shop.  |9 Dickens, Charles <1812-1870> 
245 1 3 |a La bottega dell'antiquario /  |c Charles Dickens ; introduzione di Giorgio Manganelli ; cronologia e bibliografia di Attilio Brilli ; traduzione di Laura Marchiori. 
250 |a 5. ed 
260 |a Milano :  |b Biblioteca universale Rizzoli,  |c 2000 
300 |a 647 p. :  |b ill. ;  |c 18 cm. 
700 1 |a Manganelli, Giorgio,  |d  (1922-1990)  |0 IT\ICCU\CFIV\009309 
700 1 |a Marchiori, Laura  |0 IT\ICCU\CFIV\026972 
830 0 |a BUR. L ;  |v 489  |0 IT\ICCU\CFI\0001852 
942 |2 ddc  |c BK 
952 |0 0  |1 0  |2 ddc  |4 0  |6 823_800000000000000_DIC_BOT  |7 1  |9 3182  |a RN  |b RN  |d 2025-02-15  |l 0  |o 823.8 DIC BOT  |p 10447  |r 2025-02-15 20:57:54  |w 2025-02-15  |x Donazione di Giovanni Rimondini  |y BK  |z Donazione di Giovanni Rimondini 
981 1 |6 z01  |a i   |b xxxe  
982 1 |6 z01  |a n 
999 |c 2562  |d 2562